| 000 | 00509nam a22001937a 4500 | ||
|---|---|---|---|
| 003 | CEME | ||
| 005 | 20210628203655.0 | ||
| 008 | 210121b xxu||||| |||| 00| 0 eng d | ||
| 020 | _a978-81-23915012 | ||
| 040 | _c. | ||
| 082 | _a547.3 CLA | ||
| 100 |
_aClarke, Hans Thacher _91253 |
||
| 245 | _aA handbook of organic analysis, qualitative and quantitative | ||
| 250 | _a4TH | ||
| 260 |
_aNEW DELHI _bCBS PUBLICATION _c2007 |
||
| 300 | _aX,291 P | ||
| 650 |
_aORGANIC ANALYSIS _966795 |
||
| 942 |
_cBK _2ddc |
||
| 999 |
_c574695 _d574695 |
||